000 00680nam a2200205Ia 4500
003 GCL
005 20240530095314.0
008 140319s9999 xx 000 0 ara d
020 _a3230327977
040 _aGCL /
_cGCL
082 0 4 _a215.696216
_bق/م أ
100 1 _aمحمد عبدالمنعم خفاجى
245 1 0 _aالازهر يحكى قصته فى الف عام /
_cمحمد عبدالمنعم خفاجى
250 _aالاولى
260 _aالقاهرة :
_bدار الوفاء لدنيا الطباعة والنشر ،
_c2002
300 _a150 ص ؛
_c24 سم
650 0 4 _aالازهر (جامع)
650 0 4 _aالمساجد - مصر
942 _2ddc
_cBK
999 _c5987
_d5987